| 000 | 00900njm a22003017a 4500 | ||
|---|---|---|---|
| 005 | 20100914112445.0 | ||
| 006 | a|||||r|||||00| 0 | ||
| 007 | sd ammalaaahaa | ||
| 008 | 100910t xxu||||| |||| 00| 0 eng d | ||
| 028 |
_aMOCE. 4054 _bOdeon |
||
| 035 | _aGR-02308 | ||
| 040 | _aSED/VEN | ||
| 100 |
_91184 _aPradeep |
||
| 245 |
_aKitna badal gaya insaan part. 1 / _cby Pradeep |
||
| 260 |
_aDum Dum, India _bOdeon _c1971 |
||
| 300 |
_a1 sound disc : [Gramophone Record] _banalog, 33 1/3 rpm _c12 in. (LP) _fGramophone Records |
||
| 500 | _aBrief record. | ||
| 500 | _aOdeon | ||
| 500 | _aOrange | ||
| 505 | _aTere dwar khada bhagwan part. 2 | ||
| 650 |
_xExcerpts _zIndia _919370 _aClassical Music |
||
| 700 | _919371 | ||
| 700 | _919937 | ||
| 700 | _919372 | ||
| 700 | _919676 | ||
| 942 |
_2ddc _cGR |
||
| 999 |
_c45755 _d45755 |
||